Ciudades en marcha /

Spremljeno u:
Bibliografski detalji
Glavni autor: Toynbee, Arnold J. (autor)
Daljnji autori: Williams, Mary (traducción) (traducción)
Format: Knjiga
Jezik:španjolski
Izdano: México : Alianza, 1973, c1973
Serija:(El Libro de Bolsillo ; Humanidades) 469.
Teme:
Oznake: Dodaj oznaku
Bez oznaka, Budi prvi tko označuje ovaj zapis!

MARC

LEADER 00000nam^a2200000^a^4500
001 000392761
005 20250521000000.0
009 20260310121250.765
020 |a 84-206-1469-6 
025 |a Donación Ignacio González Luna, 1 ejemplar 
037 |a Acervo ITESO - Biblioteca 
041 |a ESP 
082 |a 711. 409  |b TOY 
100 |a Toynbee, Arnold J.  |e (autor) 
245 1 0 |a Ciudades en marcha /  |c A.J. Toynbee ; tr. por M. Williams. 
264 4 |a México :  |b Alianza,  |c 1973, c1973 
300 |a 296 p. 
336 |a texto  |b txt  |2 rdacontenido 
337 |a sin mediación  |b n  |2 rdamedio 
338 |a volumen  |b nc  |2 rdasoporte 
440 4 |a (El Libro de Bolsillo ;  |v 469.  |p Humanidades) 
500 |a Traducción de: Cities on the Move 
649 |a XX 
650 |a Política Urbana -  |x Tema Principal 
650 |a Capitales (Ciudades) 
650 |a Zonas Urbanas 
650 |a Desarrollo Urbano 
650 |a Urbanismo 
700 |a Williams, Mary  |e (traducción) 
910 |a Fondo Ignacio González Luna Morfín 
920 |a Impresos - Libros 
930 |a Fondos Especiales 
905 |a 136 
901 |a 0500287727  |b IT2  |c ESP  |i D73968  |u 20250521 
902 |a https://opac.biblio.iteso.mx/vufind/Record/000392761